Catálogo

WATER TREATMENT AND WASTE RECOVERY ADVANCED : (Registro nro. 26907)

Detalles MARC
000 -LEADER
fixed length control field 00621nam a2200193 a 4500
001 - CONTROL NUMBER
control field 26907
005 - DATE AND TIME OF LATEST TRANSACTION
control field 20180713225525.0
008 - FIXED-LENGTH DATA ELEMENTS--GENERAL INFORMATION
fixed length control field 140415d 000 0 eng d
041 ## - LANGUAGE CODE
Language code of text/sound track or separate title eng
082 ## - DEWEY DECIMAL CLASSIFICATION NUMBER
Classification number 628.162
Item number CHE
100 1# - MAIN ENTRY--PERSONAL NAME
Personal name Cheremisinoff, Nicholas P.,.
245 10 - TITLE STATEMENT
Title WATER TREATMENT AND WASTE RECOVERY ADVANCED :
Remainder of title TECHNOLOGY AND APPLICATIONS
250 ## - EDITION STATEMENT
Edition statement 1a ed.
260 ## - PUBLICATION, DISTRIBUTION, ETC.
Place of publication, distribution, etc. [s.l.] :
Name of publisher, distributor, etc. PTR PRENTICE HALL,
Date of publication, distribution, etc. [s.f.]
300 ## - PHYSICAL DESCRIPTION
Extent 310
490 ## - SERIES STATEMENT
Series statement PROCESS AND CONTROL EQUIPMENT
650 14 - SUBJECT ADDED ENTRY--TOPICAL TERM
Topical term or geographic name entry element PURIFICACION DE AGUAS DE ALBAAL
General subdivision PURIFICACION DEL AGUA
700 1# - ADDED ENTRY--PERSONAL NAME
Personal name CHEREMISINOFF, PAUL N.
Relator term coaut.
Existencias
Withdrawn status Lost status Source of classification or shelving scheme Damaged status Not for loan Collection code Home library Current library Shelving location Date acquired Source of acquisition Inventory number Total Checkouts Full call number Barcode Date last seen Price effective from Koha item type
    Dewey Decimal Classification     General Biblioteca Karol Wojtyla Biblioteca Karol Wojtyla Sala general 03/12/2013 Compra 151000000000000000012186   628.162 CHE 4997 05/01/2026 03/12/2013 Libro
    Dewey Decimal Classification     General Biblioteca Karol Wojtyla Biblioteca Karol Wojtyla Sala general 03/12/2013 Compra 151000000000000000012185   628.162 CHE 4996 05/01/2026 03/12/2013 Libro